Quizzes
Events
Quiz Creation
Community
Videos
Private Events
Remove Ads
Sign In
Join for FREE
Feedback
Dark Mode
Quiz Categories
Sports
Geography
Music
Movies
Television
Just For Fun
Miscellaneous
History
Literature
Language
Science
Gaming
Entertainment
Religion
Holiday
For Kids
Quiz Lab
Recent
Popular Today
Quiz Kudos Today
Editor Picks
Curator Picks
Quizzes by...
Day
Popularity
Type
Ratings
Length
Year
Community
Subscriptions
Recent Discussions
Orange Saloon
Badges
Playlists
Quests
Create
Leaderboards
Showdown
Live 5
Trivia Bingo
Activity
Puzzle Library
Sporcle Events
Private Events
Virtual Trivia
Globe League
Become a Host
Pub Owners
SporcleCon
Opinionation
Our Games
Videos
Blog
Mobile Apps
Partnerships
Remove Ads and Go Orange
Feedback
Miscellaneous
Crossword
General Knowledge
Baby Names
Logo
Food
Cars
Numbers
Grab Bag
University
College
Popular
Company
Slogans
Restaurants
Justice
Letter
Miscellaneous
Crossword
General Knowledge
Baby Names
Logo
Food
Cars
Numbers
Grab Bag
University
College
Popular
Company
Slogans
Restaurants
Justice
Letter
Random Quiz
Search Sporcle
×
Quiz Lab
Quiz Lab
Miscellaneous
Food
Type in answers that appear in a list
Type in answers that appear in a list
Classic
Best Score? Go Orange.
Top 100 Food Chains of 2015 Stats
Can you name the Top 100 Food Chains as of 2015?
By
newsboys10
12m
100 Questions
503 Plays
503 Plays
503 Plays
Comments
Comments
Give Quiz Kudos
Give Quiz Kudos
-
- Ratings
hide this ad
Replay
Link that replays current quiz
Next Quiz
Link to next quiz in quiz playlist
You Got
0%
They Got
Avg Score
51%
Avg Friend Score
Upgrade to see
Score Distribution
Jump to the score distribution portion of the page
Score
0/100
Timer
12:00
0
Plays Today
Rank
Restaurant
% Correct
1.
McDonald's
98.2%
4.
Burger King
95.6%
5.
Wendy's
93.4%
3
Subway
91.7%
2
Starbucks
89.1%
6.
Taco Bell
87.9%
9.
Pizza Hut
87.9%
13.
Dominos
85.7%
12.
KFC
85.3%
7.
Dunkin Donuts
81.3%
22.
Arby's
76.1%
24.
Papa John's
75.7%
14.
Chipotle
74.6%
10.
Applebee's
72.6%
16.
Olive Garden
72%
44.
Five Guy's
68.4%
29.
Panda Express
68%
27.
Popeye's
67.8%
32.
Hardee's
67.8%
8.
Chick-fil-A
67.6%
28.
Red Lobster
67.6%
18.
Little Caesar's
63%
17.
Chili's
62.8%
23.
IHOP
62.8%
40.
Carl's Jr
62.2%
26.
Outback Steakhouse
60.6%
80.
White Castle
60.4%
37.
Jimmy John's
60.2%
21.
Jack in the Box
59.8%
25.
Denny's
59.8%
36.
TGI Friday's
59.2%
11.
Panera Bread
59%
41.
Red Robin
56.9%
64.
Qdoba
56.7%
Rank
Restaurant
% Correct
20.
Dairy Queen
56.5%
77.
Long John Silver's
56.5%
79.
Baskin Robbins
55.1%
58.
In-N-Out Burger
54.9%
35.
The Cheesecake Factory
53.7%
30.
Cracker Barrel
53.1%
51.
PF Chang's
52.7%
68.
Tim Hortons
52.5%
34.
Whataburger
52.3%
33.
Texas Roadhouse
50.9%
67.
Del Taco
50.7%
54.
Papa Murphy's
50.5%
55.
Hooters
50.3%
42.
Zaxby's
49.9%
38.
Golden Corral
49.3%
69.
California Pizza Kitchen
48.1%
48.
Bojangle's
47.7%
83.
Jamba Juice
47.1%
90.
Checkers
46.1%
50.
Steak N' Shake
45.7%
45.
Ruby Tuesday
45.1%
19.
Buffalo Wild Wings
44.7%
46.
Waffle House
44.5%
78.
Firehouse Subs
43.3%
43.
Wawa
42.3%
61.
Logan's Roadhouse
42.3%
39.
Longhorn Steakhouse
42.1%
96.
Krystal
41.9%
47.
Culvers
41.7%
52.
Church's Chicken
41.2%
92.
Noodle's & Company
40.8%
97.
Maggiano's
40.4%
31.
7-Eleven
40%
15.
Sonic Drive-In
38.2%
Rank
Restaurant
% Correct
49.
Bob Evans
38%
60.
Carrabba's
38%
76.
Ruth's Chris Steakhouse
37.8%
87.
Einstein Bros Bagels
37.8%
100.
Big Boy
37.2%
75.
Moe's Southwest Grill
36.4%
91.
Yard House
36%
66.
Krispy Kreme Doughnuts
35.6%
70.
Perkins Restaurant & Bakery
35.4%
74.
Sheetz
35.4%
93.
CiCi's Pizza
35.4%
72.
Jason's Deli
35.2%
81.
Jersey Mike's Subs
34.8%
71.
Bonefish Grill
34.6%
86.
Captain D's
34.2%
94.
Joe's Crab Shack
33.8%
73.
Boston Market
33%
89.
Auntie Anne's
33%
88.
Famous Daves
32.8%
65.
Wingstop
30.4%
99.
Round Table Pizza
30.2%
63.
Cheddar's
29.8%
57.
Casey's General Store
29.6%
62.
Costco
29.6%
82.
O'Charley's
29%
98.
The Capital Grille
28.2%
84.
McAlister's Deli
27.6%
85.
Target Cafe
26%
59.
El Pollo Loco
25.2%
95.
Raising Cane's Chicken Fingers
23.9%
53.
BJ's Restaurant & Brewhouse
23.5%
56.
Circle K
23.1%
Quiz Playlist
Details
Report
Send in Message
Add To Playlist
Classic:
Type in answers that appear in a list
Quiz Source
Last Updated: Feb 16, 2017
Quiz Scoreboard
CHALLENGE
Sign Up to Join the Scoreboard
Show All
Scores
Hide
Comments
May contain spoilers
Recently Published
Billboard Blitz: Fleetwood Mac
by CooCooCachoo
Music
15s
Presidents Visiting Landmarks
by Hejman
History
7m
An Introduction to Baseball
by treessimontrees
Sports
5m
More to Explore
Quiz From the Vault
Featured Blog Post
Where Did the Easter Bunny Come From?
hide this ad
You Might Also Like...
Tags
Food Quiz
100
2015
Top 100
Today's Top Quizzes in Miscellaneous
Browse Miscellaneous
hide this ad
Today's Top Quizzes in Food
Browse Food
Top Contributed Quizzes in Miscellaneous
1
5-to-1: Fast Food
2
The JOE quick-fire general knowledge quiz: Day 174
3
The JOE quick-fire general knowledge quiz: Day 173
4
5-to-1: Cocktails
5
The JOE quick-fire general knowledge quiz: Day 172
6
Sunday Crossword: Famous Bodies of Water
7
One Thing in Common: United Kingdom II
8
The JOE quick-fire general knowledge quiz: Day 171
9
Named After an Animal - Odd One Out!
10
The JOE quick-fire quiz: Day 170
Explore More
Trending Topics
Kpop
Crossword
Disney
NBA
Marvel
Anime
Harry Potter
WWE
Soccer
Pokémon
NFL
Song
Puzzle
Country
The Office
hide this ad
More By:
newsboys10
Quiz
Plays
Rating
Category
Featured
Created
Top 100 Food Chains of 2015
503
3.00
Miscellaneous
Jan 30, 2016
Top Baby Girl Names of The 1960's
474
3.00
Miscellaneous
Dec 8, 2010
Go to Creator's Profile
Score Distribution
Quiz Creator Spotlight
newsboys10
Follow
Send a Message
Quizzes Created
-
Created Quiz Play Count
-
More By This Creator
Popular Quizzes Today
1
Find the US States - No Outlines Minefield
2
Find the Countries of Europe - No Outlines Minefield
3
The Countries of the World
4
Find the US States
5
Popular People in 1961
6
US States
7
Risky Map Clicking: Biggest States A-Z
8
Movies - When Are They Set?
More Miscellaneous Quizzes
Sunday Crossword: Kitty Corner
Quiz Lab
Trending Quizzes
Risky Map Clicking: Least Populous States A-Z
1-10 Letter G Words
1-10 Letter F Words
Risky Map Clicking: Next State Alphabetically
Risky Map Clicking: Biggest States A-Z
Recently Updated
Leaping Animals
pecheneg
Reality TV Shows (A-Z)
bhenderson79
Rickey Henderson's Hall of Fame Teammates
pecheneg
Champions League XIs: Arsenal
pecheneg
Quick Pick: Celebrities in WWE's Hall of Fame
aduchscher
A-Z Keypad Blitz II
pecheneg
Multiple Oscar Actors
pecheneg
Mystery Phrase Blitz: Oscar 'Best Actors'
pecheneg
F. Scott Fitzgerald Novels
LTH
Pick 3 Villains
ddd62291
Trending Topics
Disney
Crossword
NBA
Kpop
Marvel
Anime
Harry Potter
The Office
Puzzle
Song
Country
NFL
WWE
Pokémon
Soccer
Your Account Isn't Verified!
In order to create a playlist on Sporcle, you need to verify the email address you used during registration. Go to your
Sporcle Settings
to finish the process.
Report this User
Report this user for behavior that violates our
Community Guidelines
.
Details:
Send Report
Go to the Sporcle.com Mobile Site →
Comments